ILLIT Discography (UPDATED) - Statistics

General Stats
  • This quiz has been taken 131 times
    29 since last reset
  • The average score is 16 of 18
Answer Stats
Super real me % Correct
Almond chocolate
100%
Do the dance
100%
Magnetic
100%
Cherish
96%
My World
96%
Not cute anymore
96%
Not me
96%
Tick Tack
96%
Toki yo Tomare
96%
Jellyous
92%
Oops
92%
Ill Like You
88%
Lucky girl syndrome
88%
Midnight Fiction
88%
Pimple
84%
IYKYK
80%
Little monster
76%
Topping
76%
No matching quizzes found
Score Distribution
Percent of People with Each Score
Percentile by Number Answered
Your Score History
You have not taken this quiz since the last reset